UBT Library

Professionalism in Health Care (Record no. 54922)

000 -LEADER
fixed length control field 00317nam a22001457a 4500
008 - FIXED-LENGTH DATA ELEMENTS--GENERAL INFORMATION
fixed length control field 190925b ||||| |||| 00| 0 eng d
020 ## - INTERNATIONAL STANDARD BOOK NUMBER
International Standard Book Number 9780135153871
041 ## - LANGUAGE CODE
Language code of text/sound track or separate title eng
080 ## - UNIVERSAL DECIMAL CLASSIFICATION NUMBER
Universal Decimal Classification number 61
082 ## - DEWEY DECIMAL CLASSIFICATION NUMBER
Classification number 61
100 ## - Rafti
Rafti 3
101 ## - Shkurtesa
Shkurtesa SHM
245 ## - TITLE STATEMENT
Title Professionalism in Health Care
Statement of responsibility, etc Makely,Sh
942 ## - ADDED ENTRY ELEMENTS (KOHA)
Source of classification or shelving scheme
Item type Books
Holdings
Withdrawn status Lost status Source of classification or shelving scheme Damaged status Not for loan Collection code Permanent location Current location Shelving location Date acquired Total Checkouts Full call number Barcode Date last seen Price effective from Koha item type
          Koleksioni i përgjithshem UBT - Gjilan UBT - Gjilan Koleksioni i përgjithshem 09/25/2019   61 MAK 002-3021166 09/25/2019 09/25/2019 Books
          Koleksioni i përgjithshem UBT - Gjilan UBT - Gjilan Koleksioni i përgjithshem 09/25/2019   61 MAK 002-3021171 09/25/2019 09/25/2019 Books
          Koleksioni i përgjithshem UBT - Gjilan UBT - Gjilan Koleksioni i përgjithshem 09/25/2019   61 MAK 002-3021160 09/25/2019 09/25/2019 Books
          Koleksioni i përgjithshem UBT - Gjilan UBT - Gjilan Koleksioni i përgjithshem 09/25/2019   61 MAK 002-3021165 09/25/2019 09/25/2019 Books
          Koleksioni i përgjithshem UBT - Gjilan UBT - Gjilan Koleksioni i përgjithshem 09/25/2019   61 MAK 002-3021170 09/25/2019 09/25/2019 Books
UBT Library © 2015-2024. All rights reserved University Education for Business and Technology